| 000 | 01168cam a22003134a 4500 | ||
|---|---|---|---|
| 001 | 1881 | ||
| 003 | FISKH | ||
| 005 | 20231009090252.0 | ||
| 008 | 050126s2005 nyua j b 001 0 eng | ||
| 010 | _a 2005002292 | ||
| 020 | _a9780531147627 | ||
| 040 |
_aDLC _cDLC _dDLC _beng |
||
| 042 | _apcc | ||
| 050 | 0 | 0 |
_aQB641 _b.C52 2005 |
| 082 | 0 | 0 |
_a523.43 _222 |
| 100 | 1 | _aChrismer, Melanie. | |
| 245 | 1 | 0 |
_aMars / _cby Melanie Chrismer. |
| 260 |
_aNew York : _bScholastic, _c2005. |
||
| 300 |
_a24 pages : _bcolor illustrations ; _c21 cm. |
||
| 440 | 0 | _aScholastic news nonfiction readers | |
| 505 | 0 | _aH | |
| 520 | _a- High interest level among young children. - Fits science curriculum standards for earth & space science and science and technology. - Format includes large color photographs, easy-to-read font, and simple interior design. - Series features vocabulary preview and review pages and backmatter, which gives young readers additional material to discuss or think about. | ||
| 521 | 8 |
_a460
_bLexile |
|
| 521 | 8 |
_aH
_bRaz-Plus |
|
| 650 | _2mars | ||
| 651 | 0 |
_aMars (Planet) _vJuvenile literature. |
|
| 651 | 0 | _amars | |
| 942 |
_2ddc _cBK _n0 |
||
| 999 |
_c1881 _d1881 |
||